|
|
|
|
| LEADER |
01205nam a2200313 a 4500 |
| 001 |
2998171 |
| 008 |
090727s2000 enk b 001 1 eng d |
| 010 |
|
|
|a 93038757
|
| 020 |
|
|
|a 0192834134
|
| 040 |
|
|
|a DLC
|c DLC
|d DLC
|
| 082 |
0 |
0 |
|a 823/.912
|2 20
|
| 100 |
1 |
|
|a Woolf, Virginia,
|d 1882-1941.
|
| 245 |
1 |
0 |
|a To the lighthouse /
|c Virginia Woolf ; edited with an Introduction and notes by Margaret Drabble.
|
| 260 |
|
|
|a London ;
|a New York;
|a London :
|b Routledge;Oxford University Press,
|c 2000.
|
| 300 |
|
|
|a 284 p. ;
|c 19 cm.
|
| 490 |
|
0 |
|a Oxford World's Classics.
|
| 541 |
1 |
|
|e 00014456
|
| 651 |
|
0 |
|a Skye, Island of (Scotland)
|v Fiction.
|
| 650 |
|
0 |
|a English
|z Scotland
|v Fiction.
|
| 650 |
|
0 |
|a Loss (Psychology)
|v Fiction.
|
| 650 |
|
0 |
|a Mothers
|x Death
|v Fiction.
|
| 650 |
|
0 |
|a Summer resorts
|v Fiction.
|
| 650 |
|
0 |
|a Married people
|v Fiction.
|
| 650 |
|
0 |
|a Lighthouses
|v Fiction.
|
| 650 |
|
0 |
|a Widowers
|v Fiction.
|
| 700 |
1 |
|
|a Drabble, Margaret.
|
| 852 |
4 |
|
|a Ayesha Abed Library
|j General Shelf.
|
| 999 |
|
|
|c 2975
|d 2975
|
| 952 |
|
|
|0 0
|1 0
|2 ddc
|4 0
|6 823_912000000000000_WOO_2000
|7 0
|9 2690
|a BRACUL
|b BRACUL
|c GEN
|d 2009-08-18
|g 440.00
|l 23
|m 123
|o 823.912 WOO
|p 3010014456
|r 2026-02-17
|s 2025-10-27
|t 1
|v 880.00
|w 2009-08-18
|y BK
|